00329nam a2200145Ia 45000030006000000080041000060400015000471000017000622450021000792500006001002600042001063000006001485460012001540050017001660STCL150530s9999 xx 000 0 und d aSTCLcSTCL aAlice Walker 4aThe Color Purple a1 bPhoneix Books; Chicagoc2004aChicago a0 aEnglish20220125170815.0